000
00295nam a22001337a 4500
008
181105b xxu||||| |||| 00| 0 eng d
020
_a
9780674005327
041
_a
eng
080
_a
521
100
_a
43
101
_a
AST
245
_a
The Uses Of The UNiversity
_c
Ker.C
942
_2
udc
_c
BK
999
_c
51776
_d
51776